00479nam a22001337a 450000500170000000800410001702000220005808200270008010000270010724501290013426000610026330000090032436500120033320240826170835.0230811b |||||||| |||| 00| 0 eng d a978-93-90619-37-5 aCH/610.7343/MAN/DB1130 aManivannan Shyamala D. aComprehensive Textbook of Community Health Nursing Including Environmental Science and Epidemiology for BSc Nursing Students bCBS Publishers & Distributors Pvt. Ltd.aNew Delhic2023 a905p b1295.00